|
|
|
|
| LEADER |
00000nam a22000001a 4500 |
| 001 |
vtls009722268 |
| 003 |
SK-MaSNL |
| 005 |
20260302010303.0 |
| 008 |
240318s1988 xo oal e p 000 0 slo |
| 020 |
|
|
|q (viaz.)
|
| 035 |
|
|
|a (SVKBBclas03)vtls000095014
|
| 040 |
|
|
|a SNK
|b slo
|c SNK
|e AACR2
|
| 041 |
0 |
|
|a slo
|
| 044 |
|
|
|a xo
|c SK
|
| 072 |
|
7 |
|a 674
|x Drevo. Drevársky priemysel
|2 konspekt
|
| 080 |
|
|
|a 674.2
|2 2001
|
| 080 |
|
|
|a 674.02
|2 2001
|
| 080 |
|
|
|a (075.3)
|2 2001
|
| 100 |
1 |
|
|a Horák, Jiří
|c (stolárstvo)
|4 aut
|9 251359
|
| 245 |
1 |
0 |
|a Stolárska technológia pre 2. a 3. ročník SOU učebného odboru stolár
|c Jiří Horák, Jozef Ostrčil
|
| 250 |
|
|
|a 2. vyd.
|
| 260 |
|
|
|a Bratislava
|b Alfa
|c 1988
|
| 300 |
|
|
|a 357 s.
|b fotogr., ilustr., sch., tab. 21 cm
|
| 366 |
|
|
|e 3000 výt.
|
| 490 |
1 |
|
|a Edícia drevárskej, celulozárskej a papiernickej literatúry
|
| 521 |
|
|
|a Pre žiakov 2. a 3. ročníka stredných odborných učilíšť so zameraním na stolársku technológiu
|
| 650 |
0 |
7 |
|a stolárstvo
|2 SNKPH
|9 3608
|
| 650 |
0 |
7 |
|a spracovanie dreva
|2 SNKPH
|9 3561
|
| 655 |
|
7 |
|a učebnice stredných škôl
|2 SNKPH
|9 69323
|
| 700 |
1 |
|
|a Ostrčil, Jozef
|4 aut
|9 46090
|
| 830 |
|
0 |
|a Edícia drevárskej, celulozárskej a papiernickej literatúry
|9 278860
|
| 958 |
|
|
|a OND
|
| 999 |
|
|
|c 1002621
|d 1004551
|
| 952 |
|
|
|a SNK
|b SNK
|y VYP
|7 0
|p 17A0655265
|o snkSC 72673 D1
|i snkKSP 8672/88
|0 0
|1 0
|4 0
|d 2010-08-23
|l 0
|r 2026-02-24 12:25:27
|w 2026-02-24
|
| 952 |
|
|
|a SNK
|b SNK
|y PREZ
|7 0
|p 17A0592779
|o snkSC 72673
|i snkKSP 8671/88
|0 0
|1 0
|4 0
|d 2010-10-14
|l 0
|r 2025-07-28 00:00:00
|w 2026-02-24
|